L'Eredità - Ghigliottina #6 - Statistics

Statistiche generali
  • Questo quiz è stato fatto 51 volte
  • Il punteggio medio è 2 su 5
Statistiche sulle risposte
Risposta % Corretto
La risposta è Brutta Storia: dall’espressione “brutta storia”. Copia: una brutta copia è una versione preliminare di un testo definitivo. Figura: da “fare una brutta figura”. Befana: la Befana è per antonomasia una donna vecchia e brutta. Cozza: figurativamente è una donna molto brutta.
68%
La risposta è Fossa Comune: la fossa comune è una tipologia di sepoltura. Madagascar: il fossa è un animale endemico del Madagascar. Biologica: la fossa biologica è un tipo di fognatura. Infernale: una fossa infernale altro non è che una bolgia. Cadavere: si seppellisce in una fossa (inumazione).
54%
La risposta è Ponte Aereo: un ponte aereo è un tipo di operazione militare in cui vengono impiegati velivoli per il trasporto di persone o cose. Denti: il ponte dentale è un tipo di protesi dentaria. Carro: un carroponte è una struttura per il sollevamento di materiali. Nave: il ponte è un livello di una nave. Mobile: un ponte mobile è un tipo di ponte.
41%
La risposta è Pizzo Tartufo: il tartufo di Pizzo è un dolce. Calabria: Pizzo è un comune calabrese. Mafia: il pizzo è una tangente estorta dalla mafia ai negozianti. Tessuto: può essere in pizzo. Cima: sinonimo di pizzo nel senso orografico del termine.
35%
La risposta è Chiave Lettura: una chiave di lettura è un modo di interpretare qualcosa. Basso: la chiave di basso è un simbolo musicale. Sotto: da sottochiave. Ruolo: un ruolo chiave è un ruolo importante. Nucleare: le famigerate chiavi di attivazione del lancio dei missili nucleari.
14%
Nessun quiz corrispondente trovato
Distribuzione punteggi
Percentuale di utenti per punteggio
Percentile per numero di risposta
I tuoi punteggi nel tempo
Non hai fatto questo quiz